1460 1534 1488 1991 1428 1491 1229 1198 1337 1986 1881 1000 1983 1182 1717 1650 1736 1297 1733 1233 1576 1666 1455 1192 1244 1503 1976 1411 1230 1070 1569 1124 1905 1528 1708 1797 1486 1088 1326 1733 1458 1696 1739 1391 1701 1917 1182 1574 1461 1723 1865 1453 1982 1291 1822 1879 1260 1714 1682 1969 1566 1652 1927 1835 1329 1557 1076 1544 1550 1366 1860 1652 1821 1119 1470 1885 1974 1784 1764 1288 1175 1286 1854 1310 1664 1776 1922 1643 1793 1244 1851 1297 1665 1724 1699 1521 1857 1124 1636 BCNSPRNW ULIB Ver.6.0+V

เปลี่ยนเป็นภาษาไทย

Change to English
 แสดงรายละเอียดบรรณานุกรม
  กลับหน้าหลัก

Brief Record : Get Marc (ISO 2709) : E-mail record : QR code < ปิดหน้าต่าง
LEADER : 00000nam 2200000uu 4500
001    13399127873
003     ULIB
008    211019s2564||||th 000 0 tha d
020    ^a9789740321330
050  4 ^aHA32^bศ452ก
100 0  ^aศิริชัย พงษ์วิชัย
245 10 ^aการวิเคราะห์ข้อมูลทางสถิติด้วยคอมพิวเตอร์ /^cศิริชัย พงษ์วิชัย
250    ^aพิมพ์ครั้งที่ 27
260    ^aกรุงเทพฯ :^bสำนักพิมพ์แห่งจุฬาลงกรณ์มหาวิทยาลัย,^c2564
300    ^a479, [5] หน้า :^bภาพประกอบ ;^c26 ซม.
650  7 ^aเอสพีเอสเอสสำหรับวินโดวส์
650  7 ^aเอสพีเอสเอส (โปรแกรมคอมพิวเตอร์)
650  7 ^aสังคมศาสตร์^xการประมวลผลข้อมูล
650  7 ^aสถิติวิเคราะห์
650  7 ^aสถิติ^xโปรแกรมคอมพิวเตอร์
650  7 ^aสถิติ^xการประมวลผลข้อมูล
650  7 ^aการประมวลผลข้อมูลอิเล็กทรอนิกส์
945    ^p350^l0^i008476
945    ^p350^l0^i008477
945    ^p350^l0^i008478
945    ^p350^l0^i008479
945    ^p350^l0^i008565
999    ^aประนอม เกษจรัล
รายการนี้ยังไม่มีแท็ก
คุณยังไม่ได้ล็อกอิน คุณสามารถมีกิจกรรมร่วมกับเว็บไซต์ได้ แต่ต้องล็อกอินก่อน ::
  ล็อกอิน

รายการสื่อสารสนเทศ

ลำดับที่ ประเภท เลขเรียก/บาร์โค้ด สถานที่ สถานะ
1. การศึกษาทั่วไป
หนังสือสำรอง
สถานะ=หนังสือสำรอง
HA32 ศ452ก ฉ.1 
  Barcode: 008476
ห้องสมุดวิทยาเขตสวรรค์ประชารักษ์
►หนังสือทั่วไป
ถูกยืม กำหนดส่งวันที่ 18 มีนาคม 2567
  จอง
2. การศึกษาทั่วไป
การศึกษาทั่วไป
HA32 ศ452ก ฉ.2 
  Barcode: 008477
ห้องสมุดวิทยาเขตสวรรค์ประชารักษ์
►หนังสือทั่วไป
ถูกยืม กำหนดส่งวันที่ 8 มีนาคม 2567
  จอง
3. การศึกษาทั่วไป
การศึกษาทั่วไป
HA32 ศ452ก ฉ.3 
  Barcode: 008478
ห้องสมุดวิทยาเขตสวรรค์ประชารักษ์
►หนังสือทั่วไป
บนชั้น
4. การศึกษาทั่วไป
การศึกษาทั่วไป
HA32 ศ452ก ฉ.4 
  Barcode: 008479
ห้องสมุดวิทยาเขตสวรรค์ประชารักษ์
►หนังสือทั่วไป
บนชั้น
5. การศึกษาทั่วไป
การศึกษาทั่วไป
HA32 ศ452ก ฉ.5 
  Barcode: 008565
ห้องสมุดวิทยาเขตสวรรค์ประชารักษ์
►หนังสือทั่วไป
ถูกยืม กำหนดส่งวันที่ 1 กันยายน 2567
  จอง

รายการใกล้เคียง
    ผู้แต่ง [ศิริชัย พงษ์วิชัย]

    หัวเรื่อง [เอสพีเอสเอสสำหรับวินโดวส์]
    หัวเรื่อง [เอสพีเอสเอส (โปรแกรมคอมพิวเตอร์)]
    หัวเรื่อง [สถิติวิเคราะห์]
    หัวเรื่อง [การประมวลผลข้อมูลอิเล็กทรอนิกส์]

BibComment


ยังไม่เคยถูกคอมเมนท์

คอมเมนท์ทรัพยากรรายการนี้
  คอมเมนท์: การวิเคราะห์ข้อม..


 Copyright 2026. Bcnsprnw @Library